In her words : (Record no. 56211)
[ view plain ]
| 000 -LEADER | |
|---|---|
| fixed length control field | 01665nam a22002537a 4500 |
| 008 - FIXED-LENGTH DATA ELEMENTS--GENERAL INFORMATION | |
| fixed length control field | 210430b ||||| |||| 00| 0 eng d |
| 020 ## - INTERNATIONAL STANDARD BOOK NUMBER | |
| International Standard Book Number | 0687459729 (pbk. : alk. paper) |
| 020 ## - INTERNATIONAL STANDARD BOOK NUMBER | |
| International Standard Book Number | 9780687459728 (pbk. : alk. paper) |
| 050 ## - LIBRARY OF CONGRESS CALL NUMBER | |
| Classification number | BV639.W7 |
| Item number | I5 1994 |
| 245 ## - TITLE STATEMENT | |
| Title | In her words : |
| Remainder of title | women's writings in the history of Christian thought / |
| Statement of responsibility, etc | edited by Amy Oden |
| 260 ## - PUBLICATION, DISTRIBUTION, ETC. (IMPRINT) | |
| Place of publication, distribution, etc | Nashville : |
| Name of publisher, distributor, etc | Abingdon Press, |
| Date of publication, distribution, etc | 1994 |
| 300 ## - PHYSICAL DESCRIPTION | |
| Extent | 347 pages ; |
| Dimensions | 23 cm |
| 500 ## - GENERAL NOTE | |
| General note | Includes bibliographical references (pages 339-347) |
| 505 ## - FORMATTED CONTENTS NOTE | |
| Formatted contents note | Poetry / Vittoria Colonna (early 1500s) -- The interior castle / Teresa of Avila (1577) -- Letters of spiritual direction / Jane de Chantal (1625-39) -- Respuesta a Sor Filotea de la Cruz / Juana Inés de la Cruz (1690) -- Spiritual torrents / Madame Jeanne Guyon (late 1600s) -- Letters and writings / Susanna Wesley (1709-25) -- Testimonies / Ann Lee (1826) -- Autobiography / Jarena Lee (early 1800s) -- Entire devotion to God / Phoebe Palmer (1845) -- Likeness to Christ / Lucretia Mott (1849) -- The open secret / Hannah Whitall Smith (1875) -- An autobiography / Amanda Berry Smith (1893) --The woman's Bible / Elizabeth Cady Stanton (1895-98) -- A testimony / Pandita Ramabai (1907) -- Understanding the Christian faith / Georgia Harkness (1947) |
| 650 ## - SUBJECT ADDED ENTRY--TOPICAL TERM | |
| Topical term or geographic name as entry element | Women in Christianity |
| Form subdivision | Sources |
| General subdivision | History |
| 650 ## - SUBJECT ADDED ENTRY--TOPICAL TERM | |
| Topical term or geographic name as entry element | Christian life |
| 653 ## - INDEX TERM--UNCONTROLLED | |
| Uncontrolled term | Christian life |
| 653 ## - INDEX TERM--UNCONTROLLED | |
| Uncontrolled term | Women, History - Sources |
| 653 ## - INDEX TERM--UNCONTROLLED | |
| Uncontrolled term | Women in Christianit, History - Sources |
| 655 ## - INDEX TERM--GENRE/FORM | |
| Source of term | fast|0(OCoLC)fst01411628 |
| Non-focus term | History. |
| 655 ## - INDEX TERM--GENRE/FORM | |
| Source of term | fast|0(OCoLC)fst01423900 |
| Non-focus term | Sources. |
| 700 ## - ADDED ENTRY--PERSONAL NAME | |
| Personal name | Oden, Amy, |
| Dates associated with a name | 1958- |
| 942 ## - ADDED ENTRY ELEMENTS (KOHA) | |
| Source of classification or shelving scheme | Library of Congress Classification |
| Item type | Book |
| Withdrawn status | Lost status | Source of classification or shelving scheme | Damaged status | Not for loan | Collection code | Home library | Current library | Shelving location | Date acquired | Source of acquisition | Cost, normal purchase price | Full call number | Barcode | Copy number | Price effective from | Koha item type |
|---|---|---|---|---|---|---|---|---|---|---|---|---|---|---|---|---|
| Library of Congress Classification | Non-fiction | Bishop Okullu Memorial Library (Limuru Campus) | Bishop Okullu Memorial Library (Limuru Campus) | General Circulation | 30/04/2021 | Donations TBN | 2500.00 | BV639.W7 I5 1994 | 065495 | 1 | 30/04/2021 | Book |